[Event "North Bay int"]
[Site "North Bay CAN"]
[Date "1998.08.08"]
[Round "7"]
[White "Shapiro, Daniel"]
[Black "Hummel, Patrick"]
[Result "0-1"]
[WhiteElo "2305"]
[BlackElo "2240"]
[PlyCount "64"]
[GameId "2160767911806739"]
[EventDate "1998.08.05"]
[EventType "swiss"]
[EventRounds "9"]
[EventCountry "CAN"]
[SourceTitle "EXT 1999"]
[Source "ChessBase"]
[SourceDate "1998.11.10"]
[SourceVersion "1"]
[SourceVersionDate "1998.11.10"]
[SourceQuality "1"]

1. d4 Nf6 2. c4 c5 3. d5 b5 4. cxb5 a6 5. e3 axb5 6. Bxb5 Qa5+ 7. Nc3 Bb7 8. Nge2 Nxd5 9. O-O Nxc3 10. Nxc3 e6 11. Qg4 g6 12. a4 Bg7 13. Ra3 O-O 14. e4 d5 15. exd5 exd5 16. Ne2 Na6 17. Rd1 Qb4 18. Qh3 c4 19. Qh4 Bxb2 20. Rh3 h5 21. Be3 Nc7 22. g4 Bc8 23. f3 Qb3 24. Nc3 Bxc3 25. Rf1 Nxb5 26. axb5 Bf6 27. Bg5 Bxg5 28. Qxg5 Bxg4 29. Rg3 Bd7 30. Qxh5 Qe3+ 31. Kh1 Kg7 32. Rfg1 Qe6 0-1

[Event "North Bay int"]
[Site "North Bay CAN"]
[Date "1998.08.08"]
[Round "8"]
[White "Burnett, Ronald"]
[Black "Kosic, Dragan"]
[Result "1/2-1/2"]
[WhiteElo "2395"]
[BlackElo "2505"]
[PlyCount "110"]
[GameId "2160767911806741"]
[EventDate "1998.08.05"]
[EventType "swiss"]
[EventRounds "9"]
[EventCountry "CAN"]
[SourceTitle "EXT 99"]
[Source "ChessBase"]
[SourceDate "1998.11.10"]
[SourceVersion "1"]
[SourceVersionDate "1998.11.10"]
[SourceQuality "1"]

1. e4 e6 2. d4 d5 3. Nc3 dxe4 4. Nxe4 Nd7 5. Nf3 Ngf6 6. Nxf6+ Nxf6 7. Bg5 h6 8. Bd2 c5 9. Bd3 cxd4 10. Qe2 Qb6 11. O-O-O Bd7 12. Bf4 Bd6 13. Bxd6 Qxd6 14. Bc4 O-O 15. Rxd4 Qc5 16. Qe5 Rfc8 17. Rhd1 b5 18. Qxc5 Rxc5 19. Bb3 a5 20. a3 Rac8 21. Ne1 R5c7 22. f3 g5 23. Kb1 Kg7 24. c3 Bc6 25. Nd3 Nd5 26. Re1 Ne7 27. Ne5 Bd5 28. Bxd5 Nxd5 29. a4 bxa4 30. Rxa4 Rxc3 31. Rxa5 R3c7 32. Rb5 h5 33. Nd3 Kf6 34. Re2 Rd8 35. Rb3 Rd6 36. Re4 Ke7 37. Re2 Rdc6 38. Rb5 Kf6 39. g3 Rc4 40. Rf2 Rd4 41. Rb3 Ra7 42. Re2 Rda4 43. Kc2 Ra2 44. Re1 Rc7+ 45. Kd2 Ra8 46. Rc1 Rxc1 47. Nxc1 h4 48. Ra3 Rh8 49. Ra4 hxg3 50. hxg3 Rh2+ 51. Ne2 Ke5 52. Ke1 Rh1+ 53. Kf2 Rd1 54. Re4+ Kf6 55. Nc3 Nxc3 1/2-1/2

[Event "North Bay int"]
[Site "North Bay CAN"]
[Date "1998.08.08"]
[Round "8"]
[White "Charest, Johanne"]
[Black "Ciaffone, Robert"]
[Result "1-0"]
[WhiteElo "2110"]
[BlackElo "2205"]
[PlyCount "93"]
[GameId "2160767911806743"]
[EventDate "1998.08.05"]
[EventType "swiss"]
[EventRounds "9"]
[EventCountry "CAN"]
[SourceTitle "EXT 1999"]
[Source "ChessBase"]
[SourceDate "1998.11.10"]
[SourceVersion "1"]
[SourceVersionDate "1998.11.10"]
[SourceQuality "1"]

1. e4 c5 2. Nc3 Nc6 3. g3 g6 4. Bg2 Bg7 5. d3 d6 6. Be3 Rb8 7. Qd2 b5 8. Nge2 b4 9. Nd1 Nd4 10. O-O e6 11. f3 Ne7 12. Nxd4 cxd4 13. Bh6 O-O 14. Nf2 e5 15. Bh3 f5 16. Bxg7 Kxg7 17. c3 bxc3 18. bxc3 fxe4 19. fxe4 dxc3 20. Qxc3 Rxf2 21. Rxf2 Bxh3 22. d4 Rc8 23. Qb3 Qe8 24. Qf3 Qf8 25. Qa3 Qd8 26. Qb3 Qg8 27. Qb7 Qe6 28. Rb1 exd4 29. Qb4 Qe5 30. Qb3 Rf8 31. Rxf8 Kxf8 32. Qf3+ Kg7 33. g4 d5 34. Qxh3 dxe4 35. Rf1 d3 36. Qe3 Nd5 37. Qxa7+ Kh6 38. Qc5 g5 39. Qc6+ Kg7 40. Qd7+ Ne7 41. Rf5 Qa1+ 42. Kg2 Qxa2+ 43. Kh3 Qa3 44. Qd4+ Kg8 45. Qd8+ Kg7 46. Qf8+ Kg6 47. Qf6# 1-0

[Event "North Bay int"]
[Site "North Bay CAN"]
[Date "1998.08.08"]
[Round "8"]
[White "Collins, Chris"]
[Black "Palsson, Halldor"]
[Result "1/2-1/2"]
[WhiteElo "2232"]
[BlackElo "2145"]
[PlyCount "142"]
[GameId "2160767911806745"]
[EventDate "1998.08.05"]
[EventType "swiss"]
[EventRounds "9"]
[EventCountry "CAN"]
[SourceTitle "EXT 99"]
[Source "ChessBase"]
[SourceDate "1998.11.10"]
[SourceVersion "1"]
[SourceVersionDate "1998.11.10"]
[SourceQuality "1"]

1. d4 d5 2. c4 e6 3. Nc3 c6 4. Nf3 dxc4 5. a4 Bb4 6. e3 b5 7. Bd2 Bb7 8. b3 a5 9. bxc4 Bxc3 10. Bxc3 b4 11. Bb2 Nf6 12. Bd3 O-O 13. Ne5 Nbd7 14. f4 c5 15. O-O Ne4 16. d5 Nxe5 17. Bxe4 exd5 18. Bxe5 dxe4 19. Qg4 f6 20. Rfd1 Qc8 21. Rd7 Rf7 22. Rad1 Bc6 23. Rd8+ Qxd8 24. Rxd8+ Rxd8 25. Bb2 Bxa4 26. h3 Rd2 27. Qc8+ Rf8 28. Qe6+ Kh8 29. Bxf6 gxf6 30. Qe7 Kg8 31. Qe6+ Rf7 32. Qc8+ Kg7 33. Qg4+ Kf8 34. Qc8+ Be8 35. Qxc5+ Re7 36. Qxa5 Rd1+ 37. Kh2 b3 38. Qc3 Kf7 39. Qxb3 Rd3 40. Qb6 Re6 41. Qa7+ Rd7 42. Qc5 Ree7 43. Qh5+ Kg8 44. Qg4+ Kf8 45. Qf5 Rd6 46. g4 Bd7 47. Qc5 Rc6 48. Qd5 Rc8 49. c5 Be8 50. Qd4 Rc6 51. Kg3 Rec7 52. h4 Rd7 53. Qc4 Re7 54. g5 fxg5 55. hxg5 h6 56. Qd4 hxg5 57. Qh8+ Kf7 58. Qh7+ Kf8 59. Qh8+ Kf7 60. fxg5 Rg6 61. Kf4 Rg7 62. Qh6 Re6 63. Qh3 Reg6 64. Qf5+ Kg8 65. Qxe4 Rxg5 66. Qxe8+ Kh7 67. c6 Rg4+ 68. Kf3 Rg3+ 69. Ke2 Rg2+ 70. Kd3 Rg1 71. c7 Rxc7 1/2-1/2

[Event "North Bay int"]
[Site "North Bay CAN"]
[Date "1998.08.08"]
[Round "8"]
[White "Feldman, Steven"]
[Black "Dutton, Warren"]
[Result "1-0"]
[WhiteElo "2325"]
[BlackElo "2025"]
[PlyCount "119"]
[GameId "2160767911806748"]
[EventDate "1998.08.05"]
[EventType "swiss"]
[EventRounds "9"]
[EventCountry "CAN"]
[SourceTitle "EXT 1999"]
[Source "ChessBase"]
[SourceDate "1998.11.10"]
[SourceVersion "1"]
[SourceVersionDate "1998.11.10"]
[SourceQuality "1"]

1. d4 Nf6 2. c4 g6 3. Nc3 Bg7 4. e4 d6 5. Be2 O-O 6. Bg5 Nbd7 7. h4 c6 8. h5 Qa5 9. Qd2 e5 10. d5 cxd5 11. cxd5 Nc5 12. Rb1 Qb4 13. Rh4 a6 14. hxg6 fxg6 15. Nf3 Rf7 16. a3 Qb6 17. b4 Ncd7 18. Be3 Qc7 19. Ng5 Re7 20. Ne6 Qb8 21. b5 axb5 22. Nxb5 Nf8 23. Nxg7 Rxg7 24. Qb4 Ra6 25. Rc1 Ne8 26. Nc3 Ra8 27. Na4 Rc7 28. Nb6 Rxc1+ 29. Bxc1 Qc7 30. Be3 Rb8 31. Rh1 Nd7 32. Kd2 Nxb6 33. Bxb6 Qf7 34. Rc1 Bd7 35. a4 Rc8 36. Rxc8 Bxc8 37. Be3 Qc7 38. a5 Nf6 39. f3 Nh5 40. Qb6 Qxb6 41. Bxb6 Kf7 42. Be3 Nf4 43. Bf1 Bd7 44. Ke1 Nh5 45. Kf2 Nf6 46. Bd3 Ba4 47. g3 Nd7 48. Bc4 Ke7 49. Bd2 Nc5 50. Bb4 Bc2 51. Ke3 g5 52. Bxc5 dxc5 53. f4 gxf4+ 54. gxf4 Kd6 55. Be2 Bb3 56. Bg4 c4 57. fxe5+ Kxe5 58. Bc8 Kd6 59. Bxb7 Kc7 60. Bc6 1-0

[Event "North Bay int"]
[Site "North Bay CAN"]
[Date "1998.08.08"]
[Round "8"]
[White "Fernandez, Daniel"]
[Black "Larochelle, Martial"]
[Result "0-1"]
[WhiteElo "2145"]
[BlackElo "2282"]
[PlyCount "84"]
[GameId "2160767911806749"]
[EventDate "1998.08.05"]
[EventType "swiss"]
[EventRounds "9"]
[EventCountry "CAN"]
[SourceTitle "EXT 99"]
[Source "ChessBase"]
[SourceDate "1998.11.10"]
[SourceVersion "1"]
[SourceVersionDate "1998.11.10"]
[SourceQuality "1"]

1. e4 c5 2. Nf3 d6 3. d4 cxd4 4. Nxd4 Nf6 5. Nc3 g6 6. Be3 Bg7 7. f3 Nc6 8. Qd2 O-O 9. O-O-O d5 10. exd5 Nxd5 11. Nxc6 bxc6 12. Bd4 e5 13. Bc5 Be6 14. Ne4 Qc7 15. Bxf8 Rxf8 16. Nc5 Bc8 17. c4 Nf4 18. g3 Ne6 19. Nb3 Rd8 20. Qc2 Re8 21. Bd3 a5 22. a4 Ba6 23. c5 Bxd3 24. Rxd3 Rb8 25. Re1 h5 26. Re4 Kh7 27. Kb1 f5 28. Rc4 Qe7 29. Nxa5 e4 30. Rb3 Ra8 31. Rb7 Qf6 32. Nxc6 exf3 33. Qc3 Qxc3 34. Rxc3 f2 35. Rf3 Nxc5 36. Rb4 Ne4 37. Kc1 Rc8 38. Rb6 Rc7 39. Kd1 Rd7+ 40. Ke2 Rd2+ 41. Kf1 Rd1+ 42. Kg2 Rg1+ 0-1

[Event "North Bay int"]
[Site "North Bay CAN"]
[Date "1998.08.08"]
[Round "8"]
[White "Friedman, Josef"]
[Black "Gardner, Robert"]
[Result "1/2-1/2"]
[WhiteElo "2195"]
[BlackElo "2185"]
[PlyCount "81"]
[GameId "2160767911806750"]
[EventDate "1998.08.05"]
[EventType "swiss"]
[EventRounds "9"]
[EventCountry "CAN"]
[SourceTitle "EXT 99"]
[Source "ChessBase"]
[SourceDate "1998.11.10"]
[SourceVersion "1"]
[SourceVersionDate "1998.11.10"]
[SourceQuality "1"]

1. d4 Nf6 2. c4 c5 3. d5 b5 4. cxb5 a6 5. e3 g6 6. Nc3 Bg7 7. a4 O-O 8. e4 Bb7 9. Bd2 e6 10. Bc4 axb5 11. axb5 Rxa1 12. Qxa1 Nxe4 13. Nxe4 exd5 14. Nxc5 Qe7+ 15. Be3 dxc4 16. Nxb7 Qe4 17. Nf3 Qxb7 18. Qa4 d5 19. O-O Bxb2 20. Nd4 Nd7 21. Qb4 c3 22. Nc6 Re8 23. Bd4 Nb8 24. Qd6 Nxc6 25. bxc6 Qe7 26. Qxd5 Qe6 27. Qc5 Qe7 28. Qa5 Qa3 29. Qxa3 Bxa3 30. Bxc3 Rc8 31. Ra1 Bd6 32. g3 Kf8 33. Bf6 Be7 34. Bxe7+ Kxe7 35. Ra7+ Ke6 36. c7 Kd7 37. Kg2 Rxc7 38. Rxc7+ Kxc7 39. Kf3 Kd6 40. Kf4 f6 41. Ke4 1/2-1/2

[Event "North Bay int"]
[Site "North Bay CAN"]
[Date "1998.08.08"]
[Round "8"]
[White "Gulati, Justin"]
[Black "Divljan, Igor"]
[Result "1-0"]
[WhiteElo "2030"]
[BlackElo "2181"]
[PlyCount "79"]
[GameId "2160767911806753"]
[EventDate "1998.08.05"]
[EventType "swiss"]
[EventRounds "9"]
[EventCountry "CAN"]
[SourceTitle "EXT 99"]
[Source "ChessBase"]
[SourceDate "1998.11.10"]
[SourceVersion "1"]
[SourceVersionDate "1998.11.10"]
[SourceQuality "1"]

1. e4 c5 2. Nc3 Nc6 3. g3 g6 4. Bg2 Bg7 5. d3 e5 6. Be3 d6 7. f4 Nd4 8. Nf3 Bg4 9. O-O Ne7 10. Qd2 Bxf3 11. Bxf3 Qd7 12. Bg2 O-O-O 13. fxe5 Bxe5 14. Rxf7 Qe6 15. Rf2 h6 16. Raf1 g5 17. Nd5 Nxd5 18. exd5 Qg6 19. Be4 Qh5 20. c3 Nb5 21. a4 Nc7 22. d4 cxd4 23. Bxd4 Bxd4 24. Qxd4 Kb8 25. b4 Qg4 26. Rf7 h5 27. Qd3 h4 28. Bf3 Qh3 29. g4 Rdf8 30. Rf5 Re8 31. c4 Re7 32. c5 Rd7 33. c6 bxc6 34. dxc6 Re7 35. b5 Ne6 36. b6 Nf4 37. c7+ Rxc7 38. bxc7+ Kxc7 39. Qc4+ Kd7 40. Rf7+ 1-0

[Event "North Bay int"]
[Site "North Bay CAN"]
[Date "1998.08.08"]
[Round "8"]
[White "Howarth, Anthony"]
[Black "Goldenberg, Danny"]
[Result "1/2-1/2"]
[WhiteElo "2214"]
[BlackElo "2325"]
[PlyCount "91"]
[GameId "2160767911806755"]
[EventDate "1998.08.05"]
[EventType "swiss"]
[EventRounds "9"]
[EventCountry "CAN"]
[SourceTitle "EXT 99"]
[Source "ChessBase"]
[SourceDate "1998.11.10"]
[SourceVersion "1"]
[SourceVersionDate "1998.11.10"]
[SourceQuality "1"]

1. Nf3 Nf6 2. g3 g6 3. b3 Bg7 4. Bb2 O-O 5. Bg2 d6 6. d4 a6 7. Nbd2 c5 8. dxc5 dxc5 9. O-O Nc6 10. Nc4 Bf5 11. Nfe5 Nxe5 12. Bxe5 Qxd1 13. Raxd1 Nd7 14. Bxg7 Kxg7 15. Ne3 Nb6 16. Nxf5+ gxf5 17. Bxb7 Ra7 18. Bf3 a5 19. a4 Rc7 20. Rd2 c4 21. Rfd1 Kf6 22. Kf1 Rb8 23. Rd8 Rxd8 24. Rxd8 cxb3 25. cxb3 Rc3 26. Rd3 Rxd3 27. exd3 Ke5 28. Ke2 Kd4 29. Kd2 Nd7 30. Bh5 f6 31. Bf7 Ne5 32. Bc4 Nc6 33. Be6 f4 34. gxf4 Nb4 35. Bf5 h6 36. h3 Nd5 37. Kc2 Nb4+ 38. Kb2 Nd5 39. h4 Nb4 40. Be4 Na6 41. Kc2 Nb4+ 42. Kd2 Na2 43. Bg6 Nb4 44. Ke2 e6 45. Kd2 Nd5 46. f5 1/2-1/2

[Event "North Bay int"]
[Site "North Bay CAN"]
[Date "1998.08.08"]
[Round "8"]
[White "Huber, Gregory"]
[Black "Curdo, John"]
[Result "0-1"]
[WhiteElo "2265"]
[BlackElo "2295"]
[PlyCount "128"]
[GameId "2160767911806756"]
[EventDate "1998.08.05"]
[EventType "swiss"]
[EventRounds "9"]
[EventCountry "CAN"]
[SourceTitle "EXT 1999"]
[Source "ChessBase"]
[SourceDate "1998.11.10"]
[SourceVersion "1"]
[SourceVersionDate "1998.11.10"]
[SourceQuality "1"]

1. e4 e5 2. Bc4 Nf6 3. d3 Nc6 4. Nc3 Na5 5. Nge2 Nxc4 6. dxc4 Bb4 7. O-O d6 8. Bg5 c6 9. Qd3 Be6 10. Rad1 h6 11. Bh4 Qe7 12. a3 Ba5 13. Bxf6 Qxf6 14. Qxd6 Rd8 15. Qc5 Rxd1 16. Nxd1 Bb6 17. Qb4 Bg4 18. Ndc3 Qe7 19. Qxe7+ Kxe7 20. Rd1 Be6 21. b3 f5 22. Na4 Bc7 23. Nc5 Bc8 24. exf5 Bxf5 25. Ng3 Bg4 26. Re1 Bc8 27. Nd3 Kf6 28. f3 g5 29. Ne4+ Kg6 30. g4 h5 31. h3 h4 32. Kg2 Rd8 33. Kf2 Re8 34. c5 b6 35. b4 Rd8 36. Rd1 Rd5 37. Re1 Ba6 38. Nc3 Rd4 39. Nxe5+ Bxe5 40. Rxe5 Rd2+ 41. Ke3 Rxc2 42. Ne4 Ra2 43. Rxg5+ Kf7 44. Rf5+ Kg7 45. Rg5+ Kf7 46. cxb6 axb6 47. b5 Rxa3+ 48. Kf4 cxb5 49. Nd6+ Ke7 50. Nf5+ Kd7 51. Rg7+ Kc6 52. g5 b4 53. g6 b3 54. Nd4+ Kd6 55. Nxb3 Rxb3 56. Ra7 Bc4 57. g7 Bd5 58. Kg5 Rxf3 59. Kxh4 Be6 60. Rb7 Rxh3+ 61. Kg5 Kc6 62. Re7 Bd5 63. Kf4 Rf3+ 64. Kg5 Rf1 0-1

[Event "North Bay int"]
[Site "North Bay CAN"]
[Date "1998.08.08"]
[Round "8"]
[White "Hummel, Patrick"]
[Black "Day, Lawrence"]
[Result "1/2-1/2"]
[WhiteElo "2240"]
[BlackElo "2355"]
[PlyCount "101"]
[GameId "2160767911806757"]
[EventDate "1998.08.05"]
[EventType "swiss"]
[EventRounds "9"]
[EventCountry "CAN"]
[SourceTitle "EXT 1999"]
[Source "ChessBase"]
[SourceDate "1998.11.10"]
[SourceVersion "1"]
[SourceVersionDate "1998.11.10"]
[SourceQuality "1"]

1. d4 Nf6 2. c4 d6 3. Nc3 Bf5 4. f3 e5 5. e4 exd4 6. Qxd4 Nc6 7. Qd2 Be6 8. b3 Be7 9. Nge2 O-O 10. Nf4 Nd7 11. Be2 Bg5 12. O-O Nce5 13. Qc2 Bxf4 14. Bxf4 f5 15. Qd2 Qe8 16. Rfe1 Ng6 17. Be3 f4 18. Bf2 a6 19. b4 Qf7 20. c5 dxc5 21. bxc5 Nde5 22. Qb2 Rab8 23. Red1 c6 24. Na4 Qe7 25. Nb6 Rfd8 26. Bd4 Qg5 27. Kh1 Re8 28. Rd2 Re7 29. Rad1 Rbe8 30. Bf2 Qf6 31. Rd6 Ng4 32. Qxf6 Nxf2+ 33. Kg1 Nh3+ 34. gxh3 gxf6 35. Bc4 Ne5 36. Bxe6+ Rxe6 37. Kf2 Kf7 38. R6d4 Rg8 39. Nc4 Nxc4 40. Rxc4 Rg5 41. h4 Rh5 42. Kg2 Ree5 43. Rd7+ Kg6 44. Rb4 Rxh4 45. Rbxb7 h6 46. Rg7+ Kh5 47. Rbf7 Rxc5 48. Rxf6 Rc2+ 49. Kg1 Rc1+ 50. Kg2 Rc2+ 51. Kg1 1/2-1/2

[Event "North Bay int"]
[Site "North Bay CAN"]
[Date "1998.08.08"]
[Round "8"]
[White "Jackson, Richard"]
[Black "Ellis, James"]
[Result "1/2-1/2"]
[WhiteElo "2220"]
[BlackElo "2271"]
[PlyCount "70"]
[GameId "2160767911806758"]
[EventDate "1998.08.05"]
[EventType "swiss"]
[EventRounds "9"]
[EventCountry "CAN"]
[SourceTitle "EXT 99"]
[Source "ChessBase"]
[SourceDate "1998.11.10"]
[SourceVersion "1"]
[SourceVersionDate "1998.11.10"]
[SourceQuality "1"]

1. e4 c5 2. Nf3 d6 3. d4 cxd4 4. Nxd4 Nf6 5. Nc3 g6 6. Be3 Bg7 7. f3 Nc6 8. Qd2 O-O 9. Bc4 Bd7 10. h4 Rc8 11. Bb3 Ne5 12. O-O-O Nc4 13. Bxc4 Rxc4 14. h5 Nxh5 15. g4 Nf6 16. Nde2 Re8 17. e5 Nxg4 18. fxg4 Bxg4 19. exd6 exd6 20. Bg5 Qa5 21. Rde1 Rec8 22. Bh6 Be5 23. Kb1 Be6 24. Qg5 b5 25. Nc1 f6 26. Qe3 Rxc3 27. bxc3 Rxc3 28. Qf2 Bf5 29. Rxe5 dxe5 30. Nb3 Qb4 31. Qxa7 Rxb3+ 32. axb3 Qxb3+ 33. Ka1 Qc3+ 34. Kb1 Qxc2+ 35. Ka1 Qc3+ 1/2-1/2

[Event "North Bay int"]
[Site "North Bay CAN"]
[Date "1998.08.08"]
[Round "8"]
[White "Johnstone, Glenn"]
[Black "Betaneli, Alexander"]
[Result "1-0"]
[WhiteElo "2265"]
[BlackElo "2340"]
[PlyCount "113"]
[GameId "2160767911806759"]
[EventDate "1998.08.05"]
[EventType "swiss"]
[EventRounds "9"]
[EventCountry "CAN"]
[SourceTitle "EXT 99"]
[Source "ChessBase"]
[SourceDate "1998.11.10"]
[SourceVersion "1"]
[SourceVersionDate "1998.11.10"]
[SourceQuality "1"]

1. e4 d6 2. d4 Nf6 3. Nc3 e5 4. dxe5 dxe5 5. Qxd8+ Kxd8 6. Bg5 Be6 7. O-O-O+ Nbd7 8. Nf3 Kc8 9. Bd3 Ng4 10. Bh4 f6 11. h3 Nh6 12. Nd2 Bb4 13. Ndb1 c6 14. a3 Be7 15. Nd2 b5 16. f3 Kc7 17. Bf2 a5 18. Ncb1 Bc5 19. Bxc5 Nxc5 20. Nf1 Rhd8 21. Be2 Rxd1+ 22. Bxd1 b4 23. Ne3 b3 24. Be2 bxc2 25. Kxc2 Bb3+ 26. Kc1 Rd8 27. Nd2 a4 28. Bc4 Nd3+ 29. Bxd3 Rxd3 30. Nxb3 Rxb3 31. Nc4 Rb5 32. Kc2 Nf7 33. Rd1 Nd8 34. Kb1 Ne6 35. Ne3 h5 36. Nf5 g6 37. Nd6 Rb8 38. Nc4 Nd4 39. Rd2 Rb3 40. f4 Nb5 41. fxe5 fxe5 42. Nxe5 Nxa3+ 43. Kc1 Rb5 44. Nxg6 Nc4 45. Rc2 Ne3 46. Re2 Rc5+ 47. Kb1 Nc4 48. e5 Rb5 49. Ka2 Kd8 50. e6 Rg5 51. e7+ Ke8 52. Re6 Rxg2 53. Rxc6 Rxb2+ 54. Ka1 Re2 55. Rxc4 Kf7 56. Rc8 a3 57. Rf8+ 1-0

[Event "North Bay int"]
[Site "North Bay CAN"]
[Date "1998.08.08"]
[Round "8"]
[White "Khassanov, Marat"]
[Black "Saleh, Maher"]
[Result "1/2-1/2"]
[WhiteElo "2320"]
[BlackElo "2220"]
[PlyCount "122"]
[GameId "2160767911806760"]
[EventDate "1998.08.05"]
[EventType "swiss"]
[EventRounds "9"]
[EventCountry "CAN"]
[SourceTitle "EXT 99"]
[Source "ChessBase"]
[SourceDate "1998.11.10"]
[SourceVersion "1"]
[SourceVersionDate "1998.11.10"]
[SourceQuality "1"]

1. c4 Nf6 2. g3 g6 3. Bg2 d5 4. cxd5 Nxd5 5. Qb3 e6 6. h4 Bg7 7. Nc3 Nb6 8. d3 O-O 9. Bg5 Bf6 10. Ne4 Be7 11. Nf3 Kg7 12. Bxe7 Qxe7 13. Rc1 Nc6 14. d4 Rd8 15. h5 Nd5 16. hxg6 hxg6 17. O-O a5 18. Rfd1 a4 19. Qc2 a3 20. bxa3 Qxa3 21. Ra1 Ndb4 22. Qd2 Ra5 23. Nc3 e5 24. Nb1 Qa4 25. Nc3 Qc2 26. Qe3 Nxa2 27. Rxa2 Rxa2 28. Rc1 Qb2 29. Nxa2 Qxa2 30. dxe5 Qe6 31. Qc3 Kg8 32. e3 Re8 33. Nd4 Qxe5 34. Nxc6 Qxc3 35. Rxc3 bxc6 36. Bxc6 Re7 37. Kg2 Kg7 38. f4 f5 39. Kf3 Be6 40. e4 fxe4+ 41. Bxe4 Bf7 42. Rc6 Be8 43. Rc5 Bf7 44. Bc2 Be8 45. Kg4 Kf6 46. Kf3 Kg7 47. Be4 Kf6 48. Bc6 Bf7 49. g4 Kg7 50. Bd5 Be8 51. Ra5 Bf7 52. Bxf7 Kxf7 53. Rc5 Kg7 54. Rc6 Kf7 55. Kg3 Kg7 56. Kh4 Rd7 57. Kg5 Rd5+ 58. f5 gxf5 59. gxf5 Rd6 60. f6+ Kf8 61. Rxc7 Rd1 1/2-1/2

[Event "North Bay int"]
[Site "North Bay CAN"]
[Date "1998.08.08"]
[Round "8"]
[White "Milicevic, Goran"]
[Black "Gamback, Bjorn"]
[Result "1-0"]
[WhiteElo "2370"]
[BlackElo "2215"]
[PlyCount "105"]
[GameId "2160767911806761"]
[EventDate "1998.08.05"]
[EventType "swiss"]
[EventRounds "9"]
[EventCountry "CAN"]
[SourceTitle "EXT 99"]
[Source "ChessBase"]
[SourceDate "1998.11.10"]
[SourceVersion "1"]
[SourceVersionDate "1998.11.10"]
[SourceQuality "1"]

1. d4 Nf6 2. Nf3 e6 3. Bf4 c5 4. c3 d5 5. e3 Be7 6. Nbd2 O-O 7. Bd3 Nbd7 8. Ne5 Nxe5 9. dxe5 Ne8 10. Qh5 f5 11. g4 a6 12. O-O-O b5 13. gxf5 exf5 14. Rhg1 d4 15. exd4 cxd4 16. Nf3 Qa5 17. Nxd4 Qxa2 18. Bc2 Qa1+ 19. Kd2 Qxb2 20. Rb1 Qa3 21. Rg3 Qa2 22. Kd1 Be6 23. Nxe6 Qxe6 24. Bb3 Rd8+ 25. Kc2 Rd5 26. Rd3 Nc7 27. Rbd1 Rfd8 28. Qf3 Rxd3 29. Bxe6+ Nxe6 30. Rxd3 Rxd3 31. Kxd3 Kf7 32. Qd5 g5 33. Be3 h5 34. Kc2 h4 35. Qf3 Kg6 36. Qc6 Kf7 37. Qxa6 b4 38. cxb4 Bxb4 39. Bxg5 Nxg5 40. Qf6+ Ke8 41. Qxg5 Be7 42. Qxf5 Kd8 43. f4 Ke8 44. Qe6 Kf8 45. Kb1 h3 46. Qxh3 Kf7 47. f5 Kg8 48. f6 Bf8 49. Qh5 Bc5 50. e6 Bf8 51. h3 Bh6 52. Qg6+ Kh8 53. Qxh6+ 1-0

[Event "North Bay int"]
[Site "North Bay CAN"]
[Date "1998.08.08"]
[Round "8"]
[White "Peredun, Andrew"]
[Black "Wenaas, Eric"]
[Result "1-0"]
[WhiteElo "2234"]
[BlackElo "2080"]
[PlyCount "59"]
[GameId "2160767911806762"]
[EventDate "1998.08.05"]
[EventType "swiss"]
[EventRounds "9"]
[EventCountry "CAN"]
[SourceTitle "EXT 99"]
[Source "ChessBase"]
[SourceDate "1998.11.10"]
[SourceVersion "1"]
[SourceVersionDate "1998.11.10"]
[SourceQuality "1"]

1. e4 e5 2. Nf3 Nc6 3. Bb5 a6 4. Ba4 Nf6 5. O-O b5 6. Bb3 Bb7 7. Re1 Bc5 8. c3 d6 9. d4 Bb6 10. h3 Qe7 11. Be3 O-O 12. Nbd2 h6 13. Nf1 Nh5 14. Nxe5 dxe5 15. Qxh5 exd4 16. Bxh6 gxh6 17. Qg6+ Kh8 18. Qxh6+ Kg8 19. e5 Nxe5 20. Ng3 Qd6 21. Qg5+ Qg6 22. Rxe5 Qxg5 23. Rxg5+ Kh8 24. Nf5 dxc3 25. bxc3 Be4 26. Re1 Bxf5 27. Rxf5 Rad8 28. Re4 Rd6 29. Rg4 Kh7 30. Rh5+ 1-0

[Event "North Bay int"]
[Site "North Bay CAN"]
[Date "1998.08.08"]
[Round "8"]
[White "Southam, David"]
[Black "Cossette, Daniel"]
[Result "1-0"]
[WhiteElo "2155"]
[BlackElo "2204"]
[PlyCount "79"]
[GameId "2160767911806764"]
[EventDate "1998.08.05"]
[EventType "swiss"]
[EventRounds "9"]
[EventCountry "CAN"]
[SourceTitle "EXT 99"]
[Source "ChessBase"]
[SourceDate "1998.11.10"]
[SourceVersion "1"]
[SourceVersionDate "1998.11.10"]
[SourceQuality "1"]

1. d4 d5 2. c4 e6 3. Nc3 Nf6 4. Bg5 Nbd7 5. cxd5 exd5 6. e3 c6 7. Bd3 Be7 8. Qc2 O-O 9. Nf3 Re8 10. O-O Nf8 11. Rae1 Nh5 12. Bxe7 Rxe7 13. b4 a6 14. Na4 Nf6 15. Nc5 Bg4 16. Ne5 Bh5 17. a4 Bg6 18. b5 axb5 19. axb5 cxb5 20. Nxg6 hxg6 21. Bxb5 b6 22. Nd3 Rc7 23. Qb2 Ne4 24. Rc1 Nd6 25. Rxc7 Qxc7 26. Rc1 Qa7 27. Bc6 Nc4 28. Qb5 Rb8 29. Bxd5 Na5 30. Ne5 Ne6 31. Bxe6 fxe6 32. Nxg6 Qb7 33. Qh5 Nc6 34. Rxc6 Ra8 35. Qh8+ Kf7 36. Ne5+ Kf6 37. Qh4+ g5 38. Qh6+ Ke7 39. Qg7+ Kd8 40. Qf8# 1-0

[Event "North Bay int"]
[Site "North Bay CAN"]
[Date "1998.08.08"]
[Round "8"]
[White "St Amand, Paul Jr"]
[Black "Cormos, Eugene"]
[Result "1/2-1/2"]
[WhiteElo "2220"]
[BlackElo "2095"]
[PlyCount "82"]
[GameId "2160767911806765"]
[EventDate "1998.08.05"]
[EventType "swiss"]
[EventRounds "9"]
[EventCountry "CAN"]
[SourceTitle "EXT 99"]
[Source "ChessBase"]
[SourceDate "1998.11.10"]
[SourceVersion "1"]
[SourceVersionDate "1998.11.10"]
[SourceQuality "1"]

1. e4 e5 2. Nf3 Nc6 3. Bb5 a6 4. Ba4 Nf6 5. O-O Be7 6. Re1 b5 7. Bb3 d6 8. c3 O-O 9. h3 Na5 10. Bc2 c5 11. d4 cxd4 12. cxd4 Qc7 13. Nbd2 Nc6 14. Nb3 a5 15. Be3 Nb4 16. Bb1 Be6 17. a3 Na6 18. d5 Bd7 19. Bd3 Nc5 20. Rc1 a4 21. Nxc5 dxc5 22. Nd2 Rfc8 23. Qc2 Qb8 24. Bf1 c4 25. Nb1 Bc5 26. Bxc5 Rxc5 27. Qc3 Nh5 28. g3 Ra6 29. Nd2 Rc8 30. Nf3 Re8 31. Kh2 Rh6 32. Rc2 Qc8 33. Ng1 f5 34. exf5 Bxf5 35. Rce2 Nf6 36. f3 Nxd5 37. Qd2 Rd8 38. Rxe5 Rhd6 39. Qg5 Bg6 40. h4 h6 41. Qc1 Qc6 1/2-1/2